| 000 | 00784nam a2200253 4500 | ||
|---|---|---|---|
| 003 | OSt | ||
| 005 | 20260601193849.0 | ||
| 008 | 260421b2000 mx a|||| |||| 00| 0 spa d | ||
| 020 | _a9686605452 | ||
| 040 |
_aICI _bspa _cICI |
||
| 041 | _aSPA | ||
| 050 |
_aNA755 _bP765 |
||
| 100 | 1 |
_aFacultad de Arquitectura de la UNAM _931990 |
|
| 245 | 1 |
_aProyectos de Vinculación _b1997-2000 |
|
| 264 |
_bUNAM Fac. de Arquitectura _c2000 _aMéxico, D.F |
||
| 300 |
_a130 páginas _b hojas (algunas a color), mapas |
||
| 336 |
_atexto _2rdacontent |
||
| 337 |
_asin medio _2rdamedia |
||
| 338 |
_avolumen _2rdacarrier |
||
| 650 |
_aArquitectura _vDiseños y planos _ySiglo XX _zMexico _931991 |
||
| 650 |
_aUrbanismo _zMéxico _95191 |
||
| 650 |
_aDiseño industrial _z México |
||
| 942 |
_2ddc _cB |
||
| 999 |
_c21785 _d21785 |
||